1966 1175 1017 1843 1179 1236 1803 1699 1226 1497 1627 1712 1899 1941 1377 1609 1715 1500 1512 1911 1738 1194 1952 1135 1636 1497 1774 1009 1178 1130 1217 1897 1523 1663 1739 1727 1720 1017 1815 1850 1785 1714 1556 1231 1673 1289 1101 1822 1582 1660 1058 1799 1308 1449 1969 1575 1646 1312 1012 1936 1906 1575 1410 1632 1882 1314 1679 1718 1929 1111 1465 1650 1975 1312 1506 1672 1472 1419 1645 1875 1343 1466 1301 1009 1350 1126 1806 1926 1739 1767 1487 1658 1687 1842 1127 1858 1905 1492 1507 BCNSPRNW ULIB Ver.6.0+V

เปลี่ยนเป็นภาษาไทย

Change to English
 แสดงรายละเอียดบรรณานุกรม
  กลับหน้าหลัก

Brief Record : Get Marc (ISO 2709) : E-mail record : QR code < ปิดหน้าต่าง
LEADER : 00000nam 2200000uu 4500
001    13399114600
003     ULIB
008    110627s2536||||th 000 0 tha d
090    นว.^b
100 0  มาร์ก ทอน
245 00 ทอม ซอว์เยอร์ผจญภัย/^cมาร์ก ทอน
260    กรุงเทพฯ :^bรักลูก,^c2536
710 1  รักลูก
945    ^p0^l0^i013044
995    ทศพร
999 ^a ใช้งานได้ทุกระบบ
รายการนี้ยังไม่มีแท็ก
คุณยังไม่ได้ล็อกอิน คุณสามารถมีกิจกรรมร่วมกับเว็บไซต์ได้ แต่ต้องล็อกอินก่อน ::
  ล็อกอิน

รายการสื่อสารสนเทศ

ลำดับที่ ประเภท เลขเรียก/บาร์โค้ด สถานที่ สถานะ
1. นวนิยาย
นวนิยาย
นว. ฉ.1 
  Barcode: 013044
ห้องสมุดวิทยาเขตสวรรค์ประชารักษ์
►นวนิยาย
บนชั้น
  ขอยืม

BibComment


ยังไม่เคยถูกคอมเมนท์

คอมเมนท์ทรัพยากรรายการนี้
  คอมเมนท์: ทอม ซอว์เยอร์ผจญภ..


 Copyright 2026. Bcnsprnw @Library